[Event "GER-ch Net blitz qual4"]
[Site "Playchess.com INT"]
[Date "2021.05.10"]
[Round "1"]
[White "Brunke, Pascal"]
[Black "Spieker, Hans Joachim"]
[Result "1-0"]
[WhiteElo "2068"]
[BlackElo "1721"]
[PlyCount "49"]
[EventDate "2021.05.10"]
[EventType "swiss (blitz)"]
[EventRounds "11"]
[EventCountry "GER"]
[SourceTitle "CBM 202 Extra"]
[Source "ChessBase"]
[SourceDate "2021.07.31"]
[SourceVersion "1"]
[SourceVersionDate "2021.07.31"]
[SourceQuality "1"]

1. d4 Nf6 2. c4 g6 3. Nc3 d5 4. cxd5 Nxd5 5. e4 Nxc3 6. bxc3 Bg7 7. Nf3 c5 8. Bb5+ Bd7 9. Bxd7+ Nxd7 10. 0-0 0-0 11. Be3 Rc8 12. Rb1 b6 13. Qa4 cxd4 14. cxd4 Nf6 15. d5 Qd7 16. Qb4 Rc7 17. Rfd1 Rfc8 18. Nd2 Ng4 19. Bd4 Ne5 20. Bxe5 Bxe5 21. Nf3 Rc4 22. Nxe5 Rxb4 23. Nxd7 Rxe4 24. d6 exd6 25. Nf6+ 1-0

[Event "GER-ch Net blitz qual4"]
[Site "Playchess.com INT"]
[Date "2021.05.10"]
[Round "2"]
[White "Kirschfink, Bernd"]
[Black "Spieker, Hans Joachim"]
[Result "0-1"]
[WhiteElo "1379"]
[BlackElo "1721"]
[PlyCount "84"]
[EventDate "2021.05.10"]
[EventType "swiss (blitz)"]
[EventRounds "11"]
[EventCountry "GER"]
[SourceTitle "CBM 202 Extra"]
[Source "ChessBase"]
[SourceDate "2021.07.31"]
[SourceVersion "1"]
[SourceVersionDate "2021.07.31"]
[SourceQuality "1"]

1. d4 Nf6 2. c4 g6 3. Nc3 d5 4. cxd5 Nxd5 5. e4 Nxc3 6. bxc3 Bg7 7. Be3 0-0 8. Nf3 c5 9. Be2 Nc6 10. e5 Bg4 11. 0-0 cxd4 12. cxd4 a6 13. Rc1 Rc8 14. Qa4 Qa5 15. Qxa5 Nxa5 16. h3 Be6 17. Rxc8 Rxc8 18. Rd1 Bxa2 19. Ra1 Bc4 20. Bxc4 Nxc4 21. Rc1 b5 22. Nd2 e6 23. Kf1 Bf8 24. Nxc4 bxc4 25. Ke2 Bb4 26. Rc2 a5 27. Bd2 Kf8 28. f4 Ke7 29. g4 Kd7 30. h4 Bxd2 31. Kxd2 Rc6 32. Kc3 Kc7 33. Ra2 Ra6 34. Kxc4 Kc6 35. Ra4 h6 36. Ra3 a4 37. Kb4 Kd5 38. Rxa4 Rxa4+ 39. Kxa4 Kxd4 40. Kb5 Ke4 41. Kc6 Kxf4 42. Kd6 Kxg4 0-1

[Event "GER-ch Net blitz qual4"]
[Site "Playchess.com INT"]
[Date "2021.05.10"]
[Round "8"]
[White "Koch, Yannick"]
[Black "Spieker, Hans Joachim"]
[Result "1-0"]
[WhiteElo "1422"]
[BlackElo "1721"]
[PlyCount "79"]
[EventDate "2021.05.10"]
[EventType "swiss (blitz)"]
[EventRounds "11"]
[EventCountry "GER"]
[SourceTitle "CBM 202 Extra"]
[Source "ChessBase"]
[SourceDate "2021.07.31"]
[SourceVersion "1"]
[SourceVersionDate "2021.07.31"]
[SourceQuality "1"]

1. d4 Nf6 2. c4 g6 3. Nc3 d5 4. Nf3 Bg7 5. e3 0-0 6. Qb3 dxc4 7. Bxc4 c6 8. 0-0 Qb6 9. Qc2 Nbd7 10. e4 Qd8 11. Rd1 b5 12. Bf1 Nb6 13. Be3 Ng4 14. Bf4 a5 15. d5 cxd5 16. Nxd5 Nxd5 17. Rxd5 Qb6 18. Rxb5 Qf6 19. h3 Nh6 20. Be5 Qe6 21. Bxg7 Kxg7 22. Bc4 Qf6 23. e5 Qf4 24. Qc3 Kg8 25. b3 Ba6 26. Rxa5 Rfc8 27. Rc1 Bxc4 28. Rxa8 Rxa8 29. bxc4 Rxa2 30. e6 f6 31. c5 Qe4 32. c6 Qe2 33. Qc5 Nf5 34. c7 Nd6 35. c8Q+ Nxc8 36. Qxc8+ Kg7 37. Qc5 h5 38. Qxe7+ Kh6 39. Qf8+ Kh7 40. Rc7# 1-0

[Event "GER-ch Net blitz qual3"]
[Site "Playchess.com INT"]
[Date "2021.05.07"]
[Round "3"]
[White "Spieker, Hans Joachim"]
[Black "Stangl, Anita"]
[Result "1-0"]
[WhiteElo "1743"]
[BlackElo "1907"]
[PlyCount "117"]
[EventDate "2021.05.07"]
[EventType "swiss (blitz)"]
[EventRounds "11"]
[EventCountry "GER"]
[SourceTitle "CBM 202 Extra"]
[Source "ChessBase"]
[SourceDate "2021.07.31"]
[SourceVersion "1"]
[SourceVersionDate "2021.07.31"]
[SourceQuality "1"]

1. Nf3 e6 2. c4 d5 3. g3 c6 4. b3 Nf6 5. Bb2 Ne4 6. d3 Nf6 7. Bg2 Be7 8. 0-0 0-0 9. Nbd2 b6 10. e4 Bb7 11. Rc1 c5 12. cxd5 exd5 13. exd5 Nxd5 14. d4 Bf6 15. Nc4 cxd4 16. Bxd4 Nc6 17. Bxf6 Nxf6 18. Nfe5 Qc7 19. Nxc6 Bxc6 20. Nxb6 axb6 21. Rxc6 Qa7 22. Rxf6 gxf6 23. Bxa8 Qxa8 24. Qg4+ Kh8 25. a4 Qd5 26. Qc4 Qf3 27. b4 f5 28. Qd4+ Kg8 29. Qxb6 f4 30. Qc5 Qg4 31. Qd4 Rb8 32. b5 Ra8 33. Qxf4 Qxf4 34. gxf4 Rxa4 35. Rb1 Ra7 36. b6 Rb7 37. Kg2 Kf8 38. Kf3 Ke7 39. Ke4 Kd6 40. Kf5 Ke7 41. h4 h6 42. Kg4 Kf6 43. Kh5 Kg7 44. f5 Kh7 45. f6 Kh8 46. Kxh6 Kg8 47. Kg5 Kh7 48. f4 Kg8 49. h5 Kh7 50. f5 Kg8 51. Rb5 Kh7 52. Kf4 Kh6 53. Ke5 Kxh5 54. Kd6 Kg5 55. Kc6 Rb8 56. Kc7 Re8 57. b7 Kxf6 58. b8Q Re7+ 59. Kd6 1-0

[Event "GER-ch Net blitz qual3"]
[Site "Playchess.com INT"]
[Date "2021.05.07"]
[Round "9"]
[White "Tiarks, Jann Christian"]
[Black "Spieker, Hans Joachim"]
[Result "1-0"]
[WhiteElo "2083"]
[BlackElo "1743"]
[PlyCount "59"]
[EventDate "2021.05.07"]
[EventType "swiss (blitz)"]
[EventRounds "11"]
[EventCountry "GER"]
[SourceTitle "CBM 202 Extra"]
[Source "ChessBase"]
[SourceDate "2021.07.31"]
[SourceVersion "1"]
[SourceVersionDate "2021.07.31"]
[SourceQuality "1"]

1. e4 c5 2. Nf3 Nc6 3. Bb5 g6 4. Bxc6 bxc6 5. 0-0 Bg7 6. Nc3 d6 7. h3 Nf6 8. Re1 0-0 9. e5 Nd5 10. exd6 exd6 11. Nxd5 cxd5 12. d4 Bb7 13. Bg5 Qb6 14. c3 Rfe8 15. Qd2 Bc6 16. Rad1 Rab8 17. b3 a5 18. Bf4 Rxe1+ 19. Rxe1 Rd8 20. Qe3 a4 21. Qe7 axb3 22. axb3 Qb8 23. dxc5 dxc5 24. Qxc5 Qb7 25. Nd4 Re8 26. Ra1 Bxd4 27. Qxd4 Re4 28. Qf6 Qxb3 29. Bh6 Qxc3 30. Qxc3 1-0

[Event "GER-ch Net blitz qual2"]
[Site "Playchess.com INT"]
[Date "2021.05.04"]
[Round "8"]
[White "Czeisz, Luca"]
[Black "Spieker, Hans Joachim"]
[Result "0-1"]
[WhiteElo "1454"]
[BlackElo "1707"]
[PlyCount "108"]
[EventDate "2021.05.04"]
[EventType "swiss (blitz)"]
[EventRounds "11"]
[EventCountry "GER"]
[SourceTitle "CBM 202 Extra"]
[Source "ChessBase"]
[SourceDate "2021.07.31"]
[SourceVersion "1"]
[SourceVersionDate "2021.07.31"]
[SourceQuality "1"]

1. e4 c5 2. Nf3 Nc6 3. d4 cxd4 4. Nxd4 g6 5. Be3 Bg7 6. Nc3 Nf6 7. Bb5 a6 8. Bxc6 bxc6 9. 0-0 0-0 10. f4 c5 11. Nb3 d6 12. Nd5 Nxe4 13. Qf3 Nf6 14. Nxe7+ Qxe7 15. Qxa8 Qxe3+ 16. Kh1 Bf5 17. Rae1 Qxe1 18. Qxf8+ Kxf8 19. Rxe1 Bxc2 20. Re3 c4 21. Nd4 Bd3 22. h3 Nd5 23. Re1 Bxd4 24. f5 Bxf5 25. Rc1 Bd3 26. b3 c3 27. g4 c2 28. Kg2 Be3 29. Rxc2 Bxc2 30. Kf3 Bh6 31. g5 Bxg5 32. Ke2 Bb1 33. Kd1 Bxa2 34. Kc2 Bxb3+ 35. Kxb3 Nf4 36. Kc4 Nxh3 37. Kd5 Ke7 38. Kc6 a5 39. Kd5 a4 40. Kc4 a3 41. Kb3 Bc1 42. Ka2 d5 43. Kb1 Bb2 44. Ka2 d4 45. Kb1 d3 46. Ka2 d2 47. Kb1 d1Q+ 48. Ka2 Qa1+ 49. Kb3 a2 50. Kc2 Qc1+ 51. Kb3 a1Q 52. Kb4 Qab1 53. Ka4 Qc6+ 54. Ka5 Bc3# 0-1

[Event "DSOL 05 Liga Gr-B 1st"]
[Site "Playchess.com INT"]
[Date "2020.06.23"]
[Round "1.1"]
[White "Hoffmann, Wolfgang"]
[Black "Spieker, Hans Joachim"]
[Result "0-1"]
[WhiteElo "1876"]
[BlackElo "1859"]
[PlyCount "170"]
[EventDate "2020.06.22"]
[EventType "team-tourn (rapid)"]
[EventCountry "GER"]
[SourceTitle "EXT 2021"]
[Source "ChessBase"]
[SourceDate "2020.10.23"]
[SourceVersion "1"]
[SourceVersionDate "2020.10.23"]
[SourceQuality "1"]
[WhiteTeam "Erbendorf"]
[BlackTeam "Hameln II"]
[WhiteTeamCountry "GER"]
[BlackTeamCountry "GER"]

1. c4 Nf6 2. Nc3 d5 3. d4 g6 4. e3 Bg7 5. Nf3 0-0 6. Be2 c5 7. 0-0 cxd4 8. exd4 Nc6 9. h3 Be6 10. c5 Ne4 11. Be3 Nxc5 12. dxc5 d4 13. Ng5 dxe3 14. Nxe6 Qxd1 15. Raxd1 exf2+ 16. Rxf2 fxe6 17. Rxf8+ Kxf8 18. Ne4 Bxb2 19. Ng5 Nd4 20. Bc4 e5 21. Nxh7+ Kg7 22. Ng5 Rc8 23. Ne4 Rc7 24. Rb1 Ba3 25. Bd5 Bxc5 26. Nxc5 Rxc5 27. Bxb7 Ra5 28. Rb2 Kf6 29. Be4 Rb5 30. Rf2+ Kg7 31. g3 e6 32. Kg2 Nf5 33. g4 Ne3+ 34. Kh2 Nd5 35. Rd2 Ra5 36. Rb2 Kf6 37. Kg3 Nf4 38. Rb8 Ra3+ 39. Bf3 Rxa2 40. h4 g5 41. hxg5+ Kxg5 42. Rg8+ Kf6 43. g5+ Kf7 44. Rc8 Ra3 45. Kg4 Nd5 46. Bxd5 exd5 47. Kf5 e4 48. Rc7+ Kf8 49. Rc8+ Ke7 50. g6 Rf3+ 51. Kg4 Rf8 52. Rc7+ Kf6 53. Rc6+ Ke5 54. Rc7 Rg8 55. Kg5 e3 56. Rxa7 d4 57. Re7+ Kd5 58. g7 Kc4 59. Kf4 Kd3 60. Kf3 Kd2 61. Ra7 e2 62. Ra2+ Kd3 63. Rxe2 Rxg7 64. Ra2 Rf7+ 65. Kg2 Ke3 66. Ra6 Rf2+ 67. Kg1 Rf4 68. Re6+ Kd2 69. Kg2 d3 70. Re7 Kd1 71. Kg3 Rf6 72. Re8 d2 73. Ra8 Re6 74. Kf2 Rf6+ 75. Ke3 Re6+ 76. Kd3 Rd6+ 77. Ke3 Rc6 78. Ra2 Rc3+ 79. Kf2 Kc1 80. Ra1+ Kc2 81. Ra2+ Kd3 82. Ra1 Rc1 83. Ra3+ Kc2 84. Ra2+ Kc3 85. Ra3+ Kb2 0-1

[Event "GER Cup Net Final-B U2000"]
[Site "Playchess.com INT"]
[Date "2020.06.06"]
[Round "6"]
[White "Noack, Thomas"]
[Black "Spieker, Hans Joachim"]
[Result "1-0"]
[WhiteElo "1662"]
[BlackElo "1785"]
[PlyCount "127"]
[EventDate "2020.06.06"]
[EventType "swiss (blitz)"]
[EventRounds "13"]
[EventCountry "GER"]
[SourceTitle "CBM 197 Extra"]
[Source "ChessBase"]
[SourceDate "2020.09.30"]
[SourceVersion "1"]
[SourceVersionDate "2020.09.30"]
[SourceQuality "1"]

1. e4 c5 2. Nc3 Nc6 3. Bb5 g6 4. Bxc6 bxc6 5. f4 Bg7 6. Nf3 e6 7. 0-0 Ne7 8. d3 0-0 9. Qe1 d5 10. Qh4 Bd7 11. f5 exf5 12. Bh6 Nc8 13. Ng5 Nd6 14. Bxg7 Kxg7 15. e5 h6 16. Nf3 Qxh4 17. Nxh4 Nb5 18. Na4 Nd4 19. Nxc5 Be6 20. c3 Nc2 21. Rac1 Ne3 22. Rf3 Ng4 23. d4 h5 24. Rff1 Rab8 25. b4 Ne3 26. Rfe1 Nc4 27. Nf3 a5 28. Ng5 Rfe8 29. a3 Nxa3 30. bxa5 Ra8 31. a6 Nc4 32. Rb1 Re7 33. Rb7 Rxb7 34. axb7 Rb8 35. Ra1 Nd2 36. Ra8 Rxb7 37. Nxb7 Ne4 38. Nxe6+ fxe6 39. Nd6 Nxc3 40. Ra7+ Kg8 41. Re7 Ne2+ 42. Kf2 Nxd4 43. Ke3 c5 44. Nb7 Nc2+ 45. Kd2 Nd4 46. Nxc5 Kf8 47. Ra7 Nc6 48. Ra6 Nd4 49. Nxe6+ Nxe6 50. Rxe6 Kf7 51. Rf6+ Kg7 52. Kd3 f4 53. Rxf4 g5 54. Rf6 h4 55. h3 g4 56. hxg4 h3 57. gxh3 d4 58. Kxd4 Kh7 59. Ke4 Kg7 60. Kf5 Kh7 61. e6 Kg7 62. e7 Kh7 63. e8Q Kg7 64. Qe7+ 1-0

[Event "GER Cup Net V4 U2000"]
[Site "Playchess.com INT"]
[Date "2020.05.31"]
[Round "7"]
[White "Kosovska, Olena"]
[Black "Spieker, Hans Joachim"]
[Result "0-1"]
[WhiteElo "1834"]
[BlackElo "1752"]
[PlyCount "56"]
[EventDate "2020.05.31"]
[EventType "swiss (blitz)"]
[EventRounds "9"]
[EventCountry "GER"]
[SourceTitle "EXT 2021"]
[Source "ChessBase"]
[SourceDate "2020.10.23"]
[SourceVersion "1"]
[SourceVersionDate "2020.10.23"]
[SourceQuality "1"]

1. e4 c5 2. Nc3 Nc6 3. f4 g6 4. Nf3 Bg7 5. Bc4 e6 6. 0-0 Nge7 7. d3 0-0 8. Qe1 b6 9. Qh4 d5 10. Bb3 Re8 11. Ng5 h6 12. Nf3 Na5 13. f5 exf5 14. Bxh6 Nxb3 15. axb3 fxe4 16. Ng5 Nf5 17. Rxf5 Bxf5 18. Bxg7 Kxg7 19. Qh7+ Kf6 20. Qxf7+ Kxg5 21. Rf1 Qd7 22. dxe4 Qxf7 23. exf5 gxf5 24. Nb5 Re2 25. Nd6 Qe6 26. Nxf5 Re1 27. h4+ Kg6 28. h5+ Kg5 0-1

[Event "GER Cup Net V4 U2000"]
[Site "Playchess.com INT"]
[Date "2020.05.31"]
[Round "6"]
[White "Spieker, Hans Joachim"]
[Black "Mueller, Wolfgang2222"]
[Result "1-0"]
[WhiteElo "1731"]
[BlackElo "1824"]
[PlyCount "105"]
[EventDate "2020.05.31"]
[EventType "swiss (blitz)"]
[EventRounds "9"]
[EventCountry "GER"]
[SourceTitle "EXT 2021"]
[Source "ChessBase"]
[SourceDate "2020.10.23"]
[SourceVersion "1"]
[SourceVersionDate "2020.10.23"]
[SourceQuality "1"]

1. Nf3 d5 2. c4 Bg4 3. b3 Nc6 4. Bb2 Bxf3 5. exf3 d4 6. d3 e5 7. g3 f6 8. Bg2 Bb4+ 9. Nd2 a5 10. 0-0 Nge7 11. a3 Bd6 12. Ne4 0-0 13. c5 Nd5 14. cxd6 cxd6 15. Rc1 f5 16. Nd2 Qg5 17. a4 Ncb4 18. f4 exf4 19. Bxd4 Kh8 20. Nf3 Qg6 21. Nh4 Qg5 22. Qd2 h6 23. Bc3 Rae8 24. Bxb4 Nxb4 25. Rc7 fxg3 26. hxg3 Qxd2 27. Ng6+ Kh7 28. Nxf8+ Rxf8 29. Rxb7 f4 30. Be4+ Kh8 31. Rd7 fxg3 32. fxg3 Rxf1+ 33. Kxf1 Qc1+ 34. Kg2 Qc2+ 35. Kh3 Qc8 36. Bf5 Qf8 37. Be4 d5 38. Bg6 Nc6 39. Rf7 Qg8 40. Rc7 Ne5 41. Bf5 g6 42. Rc8 gxf5 43. Rxg8+ Kxg8 44. d4 Nd3 45. g4 fxg4+ 46. Kxg4 Nc1 47. b4 axb4 48. a5 Nb3 49. a6 Na5 50. a7 b3 51. a8Q+ Kf7 52. Qxa5 b2 53. Qxd5+ 1-0

[Event "GER Cup Net V2 U2000"]
[Site "Playchess.com INT"]
[Date "2020.05.22"]
[Round "9"]
[White "Spieker, Hans Joachim"]
[Black "Meschke, Andreas"]
[Result "1-0"]
[WhiteElo "1747"]
[BlackElo "1855"]
[PlyCount "71"]
[EventDate "2020.05.22"]
[EventType "swiss (blitz)"]
[EventRounds "9"]
[EventCountry "GER"]
[SourceTitle "EXT 2021"]
[Source "ChessBase"]
[SourceDate "2020.10.23"]
[SourceVersion "1"]
[SourceVersionDate "2020.10.23"]
[SourceQuality "1"]

1. Nf3 d5 2. c4 c6 3. b3 Bf5 4. g3 e6 5. Bg2 Nd7 6. 0-0 Ngf6 7. d3 h6 8. Bb2 Bd6 9. Nbd2 Bh7 10. e4 0-0 11. e5 Nxe5 12. Nxe5 Bxe5 13. Bxe5 Bxd3 14. Re1 Bg6 15. Rc1 Nd7 16. Bb2 Nc5 17. Nf3 Nd3 18. Ba1 Nxe1 19. Qxe1 Re8 20. Ne5 Bh7 21. Qc3 f6 22. Ng4 Rc8 23. Qf3 Be4 24. Qf4 Bxg2 25. Kxg2 e5 26. Qf5 d4 27. Rd1 c5 28. Qg6 h5 29. Nh6+ Kh8 30. Nf7+ Kg8 31. Nxd8 Rcxd8 32. Qxh5 e4 33. Qxc5 e3 34. fxe3 dxe3 35. Rxd8 Rxd8 36. Qxe3 1-0